000 00569nam a2200229 a 4500
999 _c4753
_d4753
001 4753
003 BD-JhCC
005 20171203102412.0
008 171203s1965 e a|||| | || 0|1 0 eng d
035 _a(BD-JhCC)4753
040 _aBD-JhCC
_dBD-JhCC
041 _aeng
082 _a512.2
_bGRE 1965
100 _aGreen, J. A.
245 _aSets and Groups /
_cJ. A. Green,
260 _aLondon :
_bThe English Language Book Society,
_c1965.
300 _a84 p. :
_c18 cm.
650 _aSet Theory
650 _aGroup Theory
942 _2ddc
_cBK